Science research writing for non-native speakers of English

Salvato in:
Dettagli Bibliografici
Autore principale: Glasman-Deal, Hilary (Autore)
Natura: Libro
Lingua:inglese
Pubblicazione: Londres Imperial College Press 2010
Edizione:1a. ed
Soggetti:
Tags: Aggiungi Tag
Nessun Tag, puoi essere il primo ad aggiungerne!!

MARC

LEADER 00000cam a2200000 a 4500
001 UCD8430
003 CL-VaPUC
008 170512e20100000uk |||||||||||||||||eng|d
020 |a 978184816396 
082 0 4 |a 428.0071  |b GLA  |2 21 
100 0 |a Glasman-Deal, Hilary  |e author  |9 592053 
245 1 0 |a Science research writing for non-native speakers of English 
250 |a 1a. ed 
300 |a 257 p 
942 |c BK 
945 |d 20170512 22:27:00  |a dcastane 
260 |a Londres  |b Imperial College Press  |c 2010 
650 0 |a Lengua inglesa  |9 318842 
650 7 |a HABLANTES EXTRANJEROS  |2 CL-VaPUC  |9 562264 
650 0 |a Estudio y enseñanza  |9 270395 
583 |a last modification  |c 20170512 22:27:00  |k Rodrigo Vera 
999 |c 367915  |d 367913 
952 |0 0  |1 0  |3 erb  |4 0  |6 428_007100000000000_GLA_2010  |7 0  |8 A  |9 483102  |a FDOPOS  |b FDOPOS  |i 5375363  |o 428.0071 GLA 2010  |p 5375363  |r 2025-01-22  |w 2019-11-24  |y BK  |z Catalogado en:20170512  |k DLA 
952 |0 0  |1 0  |3 erb  |4 0  |6 428_007100000000000_GLA_2010  |7 0  |8 A  |9 483103  |a FDOPOS  |b FDOPOS  |i 5375355  |o 428.0071 GLA 2010  |p 5375355  |r 2025-01-22  |w 2019-11-24  |y BK  |z Catalogado en:20170512  |k DLA